000 00416nam a2200157Ia 4500
008 230312s9999||||xx |||||||||||||| ||und||
020 _a81-86830-08-1
082 _a004.03
_bDIC
100 _aDR. MARGARET SOURIE
245 0 _aDictionary of IT Terms
260 _bPENTAGON PRESS
_aNew Delhi
_c2001
300 _a409
546 _aEng.
650 _aDictionary
_vFacility management, Jackson method
942 _cBK
999 _c4627
_d4627